[Event "GBR-ch86"]
[Site "Scarborough"]
[Date "1999.08.03"]
[Round "2.24"]
[White "Bushill, Michael"]
[Black "Heidenfeld, Mark"]
[Result "0-1"]
[WhiteElo "2072"]
[BlackElo "2368"]
[PlyCount "193"]
[EventDate "1999.08.02"]
[EventType "swiss"]
[EventRounds "11"]
[EventCountry "GBR"]

1. e4 e5 2. Bc4 Nc6 3. Nc3 Nf6 4. d3 Na5 5. Nge2 Bc5 6. O-O O-O 7. Bg5 Be7 8.
Be3 Ng4 9. Bd2 Nxc4 10. dxc4 Bc5 11. h3 Nf6 12. Ng3 c6 13. Be3 Bxe3 14. fxe3 d6
15. Qd3 Qe7 16. Nf5 Bxf5 17. Rxf5 Rad8 18. Rd1 Rd7 19. Rf2 Qe6 20. b3 Rfd8 21.
Rfd2 g6 22. Qe2 Ne8 23. Qf3 f5 24. Rf1 Rf7 25. Rdf2 Ng7 26. g3 Rdf8 27. Qg2 Nh5
28. g4 fxg4 29. hxg4 Rxf2 30. Rxf2 Rxf2 31. Kxf2 Nf6 32. g5 Nd7 33. Ne2 Nc5 34.
Ng1 a5 35. a4 Kg7 36. Ke2 Qd7 37. Qf3 Kg8 38. Ke1 Qe7 39. Nh3 Ne6 40. Qg2 Kg7
41. Ke2 Nd8 42. Qg4 Qe6 43. Qg2 Nf7 44. Kd2 Kf8 45. Kd1 Ke8 46. Kd2 Kd7 47. Ke1
Kc7 48. Kd2 Nd8 49. Ke1 Qf7 50. Kd2 Ne6 51. Ke2 Kb8 52. Ke1 Qf8 53. Qg4 Qe7 54.
Qg2 Nc7 55. Ke2 Qf7 56. Nf2 Ka7 57. Ng4 Ne6 58. Nf2 Qe7 59. Nh3 Nc5 60. Nf2 Qd8
61. Qg1 Qd7 62. Qg2 Qf7 63. Qg3 Qg7 64. Qh3 Kb8 65. Qh2 Ne6 66. Qh4 Qe7 67. Nh3
Kc7 68. Ke1 Kd8 69. Ke2 Ke8 70. Ke1 Kf8 71. Ke2 Kg7 72. Qh6+ Kg8 73. Qh4 Nd8
74. Ke1 Nf7 75. Qg4 Kg7 76. Ke2 Qd8 77. Qg2 Qd7 78. Ke1 h6 79. gxh6+ Nxh6 80.
Nf2 Qe6 81. Ke2 Nf7 82. Ng4 Qe7 83. Kd3 Qh4 84. Qf3 Nd8 85. c5 Qe7 86. Qh3 Nf7
87. cxd6 Qxd6+ 88. Ke2 b5 89. Qh2 Qe6 90. Nf2 bxa4 91. bxa4 Qc4+ 92. Kd1 Qxa4
93. Qh4 c5 94. Qe7 Qc6 95. Qa7 a4 96. Nd3 Qxe4 97. Nxc5 0-1

[Event "GBR-ch86"]
[Site "Scarborough"]
[Date "1999.08.03"]
[Round "2.25"]
[White "Buckley, David"]
[Black "Duncan, Christopher R"]
[Result "0-1"]
[WhiteElo "2163"]
[BlackElo "2297"]
[PlyCount "56"]
[EventDate "1999.08.02"]
[EventType "swiss"]
[EventRounds "11"]
[EventCountry "GBR"]

1. e4 c5 2. Nf3 d6 3. d4 cxd4 4. Nxd4 Nf6 5. Nc3 g6 6. Be3 Bg7 7. f3 Nc6 8. Qd2
Bd7 9. h4 h5 10. O-O-O Ne5 11. Be2 Rc8 12. g4 hxg4 13. f4 Nf3 14. Nxf3 gxf3 15.
Bxf3 Qa5 16. Bd4 Be6 17. a3 b5 18. h5 b4 19. Nd5 Bxd5 20. exd5 Qa4 21. hxg6
Rxh1 22. Rxh1 bxa3 23. gxf7+ Kxf7 24. bxa3 Qxa3+ 25. Bb2 Qxf3 26. Rg1 Rb8 27.
Qd4 Rxb2 28. Kxb2 Ng4 0-1

[Event "GBR-ch86"]
[Site "Scarborough"]
[Date "1999.08.03"]
[Round "2.26"]
[White "Scannell, Stephen"]
[Black "Walker, David"]
[Result "1/2-1/2"]
[WhiteElo "2069"]
[BlackElo "2280"]
[PlyCount "115"]
[EventDate "1999.08.02"]
[EventType "swiss"]
[EventRounds "11"]
[EventCountry "GBR"]

1. d4 g6 2. e4 Bg7 3. Nf3 d6 4. c3 Nf6 5. Bd3 O-O 6. Bg5 h6 7. Bh4 Nc6 8. O-O
e5 9. dxe5 Nxe5 10. Nxe5 dxe5 11. Qe2 Qe8 12. Rd1 Nh5 13. Bb5 Nf4 14. Qf1 c6
15. Bc4 Be6 16. f3 b5 17. Bxe6 Qxe6 18. Nd2 Bf6 19. Bf2 Rfd8 20. Nb3 Rxd1 21.
Rxd1 a5 22. Bc5 a4 23. Nc1 Rd8 24. Rxd8+ Bxd8 25. Qd1 Be7 26. Be3 Qc4 27. Qd2
b4 28. g3 Ne6 29. Qd3 Qb5 30. Qxb5 cxb5 31. cxb4 Bxb4 32. Nd3 Bd6 33. f4 exf4
34. gxf4 f5 35. e5 Be7 36. Kg2 Kf7 37. Kf3 g5 38. h3 Nc7 39. Bd2 Nd5 40. Nf2
Ke6 41. Nd1 b4 42. Nf2 a3 43. bxa3 bxa3 44. Nd3 Kd7 45. Ne1 Bb4 46. Bxb4 Nxb4
47. fxg5 hxg5 48. Ke3 Ke6 49. Kd4 f4 50. Nf3 Kf5 51. Kc4 Nxa2 52. Kb3 Nc1+ 53.
Kxa3 Nd3 54. e6 Kxe6 55. Nxg5+ Kf5 56. Nf3 Nf2 57. Nd4+ Ke4 58. Ne6 1/2-1/2

[Event "GBR-ch86"]
[Site "Scarborough"]
[Date "1999.08.03"]
[Round "2.27"]
[White "Rahman, Taibur"]
[Black "Hanley, Craig"]
[Result "1-0"]
[WhiteElo "2210"]
[BlackElo "2178"]
[PlyCount "69"]
[EventDate "1999.08.02"]
[EventType "swiss"]
[EventRounds "11"]
[EventCountry "GBR"]

1. d4 d5 2. c4 e6 3. Nc3 Nf6 4. cxd5 exd5 5. Bg5 Be7 6. Qc2 O-O 7. e3 c6 8. Bd3
h6 9. Bf4 Re8 10. Nf3 Nbd7 11. O-O Nf8 12. Rab1 Bd6 13. Bxd6 Qxd6 14. b4 b6 15.
Rfc1 Bb7 16. Qa4 N8d7 17. Ba6 Bxa6 18. Qxa6 Re6 19. Ne2 g5 20. Ng3 Kh7 21. Qb7
Qb8 22. Qa6 Kg6 23. Rb2 Ne4 24. Rbc2 c5 25. Qb5 Qe8 26. bxc5 bxc5 27. dxc5 Rc8
28. Qd3 Rec6 29. Qxd5 Rxc5 30. Rxc5 Rxc5 31. Rxc5 Ndxc5 32. Ne5+ Kf6 33. Nh5+
Ke7 34. f3 Qb5 35. Nc6+ 1-0

[Event "GBR-ch86"]
[Site "Scarborough"]
[Date "1999.08.03"]
[Round "2.28"]
[White "Greet, Andrew"]
[Black "Thiruchelvam, Murugan"]
[Result "1-0"]
[WhiteElo "2215"]
[BlackElo "2088"]
[PlyCount "95"]
[EventDate "1999.08.02"]
[EventType "swiss"]
[EventRounds "11"]
[EventCountry "GBR"]

1. e4 e5 2. Nf3 Nc6 3. Bc4 Be7 4. O-O d6 5. d4 exd4 6. Nxd4 Nf6 7. Nc3 O-O 8.
Re1 Re8 9. b3 Ne5 10. Bf1 d5 11. exd5 Bb4 12. Bd2 Bxc3 13. Bxc3 Nxd5 14. Bb2
Ng6 15. Qf3 c6 16. Nf5 Bxf5 17. Qxf5 Qc8 18. Rxe8+ Qxe8 19. g3 Qe6 20. Qxe6
fxe6 21. Rd1 Nf8 22. c4 Nf6 23. Bg2 a5 24. h3 Kf7 25. f4 Rc8 26. Bc3 Ra8 27.
Kf2 a4 28. b4 Rc8 29. a3 N8d7 30. Ke2 Nb6 31. Rd4 Rc7 32. Kd3 Rd7 33. Bf3 Ne8
34. Bd1 Nf6 35. g4 Rxd4+ 36. Bxd4 Nfd7 37. Be5 g5 38. Bd6 gxf4 39. Bxf4 e5 40.
Be3 e4+ 41. Kd4 Ke6 42. Bf4 Kf6 43. Bc2 Nf8 44. Be5+ Kg5 45. Bxe4 Ne6+ 46. Kc3
h6 47. Bf5 Nf4 48. h4+ 1-0

[Event "GBR-ch86"]
[Site "Scarborough"]
[Date "1999.08.03"]
[Round "2.30"]
[White "Kosten, Anthony"]
[Black "Clarke, Thomas"]
[Result "1-0"]
[WhiteElo "2515"]
[BlackElo "2204"]
[PlyCount "51"]
[EventDate "1999.08.02"]
[EventType "swiss"]
[EventRounds "11"]
[EventCountry "GBR"]

1. c4 e5 2. g3 Nc6 3. Bg2 f5 4. Nc3 Nf6 5. d3 Be7 6. e4 d6 7. Nge2 O-O 8. O-O
Nd4 9. exf5 c6 10. Nxd4 exd4 11. Ne2 Qb6 12. b3 d5 13. cxd5 Nxd5 14. Bb2 Nc3
15. Nxc3 dxc3 16. Bxc3 Bxf5 17. Be4 Bc5 18. Bxf5 Rxf5 19. Qg4 g6 20. Kg2 Rd8
21. Rae1 Rxd3 22. Qc4+ Rfd5 23. Re8+ Bf8 24. Rfe1 c5 25. Rxf8+ Kxf8 26. Qf4+
1-0

[Event "GBR-ch86"]
[Site "Scarborough"]
[Date "1999.08.03"]
[Round "2.32"]
[White "Houska, Miroslav"]
[Black "Churm, Rohan"]
[Result "1-0"]
[WhiteElo "2364"]
[BlackElo "2168"]
[PlyCount "59"]
[EventDate "1999.08.02"]
[EventType "swiss"]
[EventRounds "11"]
[EventCountry "GBR"]

1. d4 d5 2. e4 e6 3. Nc3 Bb4 4. a3 Bxc3+ 5. bxc3 dxe4 6. Qg4 Nf6 7. Qxg7 Rg8 8.
Qh6 Bd7 9. g3 Bc6 10. Bg2 Nbd7 11. Nh3 Qe7 12. a4 e5 13. O-O O-O-O 14. Ba3 Qe6
15. Ng5 Qf5 16. Nh3 Ng4 17. Qc1 Nb6 18. a5 Nc4 19. Bc5 b6 20. axb6 axb6 21. Be7
Rd7 22. Bg5 exd4 23. cxd4 Rxd4 24. Bf4 Nge5 25. Ra7 Na5 26. Qb2 Rgd8 27. Ng5 f6
28. Bh3 Kb8 29. Bxf5 Kxa7 30. Bxe5 1-0

[Event "GBR-ch86"]
[Site "Scarborough"]
[Date "1999.08.03"]
[Round "2.33"]
[White "Smith, Andrew Philip"]
[Black "Broomfield, Matthew"]
[Result "0-1"]
[WhiteElo "2275"]
[BlackElo "2164"]
[PlyCount "54"]
[EventDate "1999.08.02"]
[EventType "swiss"]
[EventRounds "11"]
[EventCountry "GBR"]

1. e4 c5 2. Nf3 d6 3. d4 cxd4 4. Nxd4 Nf6 5. Nc3 e6 6. Be2 Be7 7. O-O O-O 8.
Bg5 Nc6 9. Qd3 a6 10. Rad1 Ne5 11. Qh3 b5 12. f4 Nc4 13. Kh1 Qc7 14. Bxc4 bxc4
15. f5 Bd7 16. Qh4 e5 17. Nde2 Bc6 18. Rf3 Rfb8 19. Rg3 Kf8 20. b3 cxb3 21.
cxb3 h6 22. Bxf6 Bxf6 23. Qg4 Rb4 24. Rgd3 Rd8 25. Rc1 Qb7 26. Nd5 Bxd5 27.
Rxd5 Qxd5 0-1

[Event "GBR-ch86"]
[Site "Scarborough"]
[Date "1999.08.03"]
[Round "2.34"]
[White "Haslinger, Stewart"]
[Black "Ledger, Stephen C"]
[Result "1-0"]
[WhiteElo "2267"]
[BlackElo "2162"]
[PlyCount "73"]
[EventDate "1999.08.02"]
[EventType "swiss"]
[EventRounds "11"]
[EventCountry "GBR"]

1. e4 c5 2. Nf3 Nc6 3. d4 cxd4 4. Nxd4 e5 5. Nb5 a6 6. Nd6+ Bxd6 7. Qxd6 Qf6 8.
Qxf6 Nxf6 9. Nc3 Nb4 10. Kd2 d5 11. a3 d4 12. axb4 dxc3+ 13. Ke3 Ng4+ 14. Ke2
f5 15. bxc3 O-O 16. f3 Nf6 17. Ra5 b5 18. c4 fxe4 19. cxb5 exf3+ 20. gxf3 e4
21. bxa6 Bxa6+ 22. Ke3 Bb7 23. Bc4+ Kh8 24. Rxa8 Bxa8 25. f4 Rc8 26. Kd4 Rd8+
27. Kc3 e3 28. Re1 Ne4+ 29. Kb3 Nd2+ 30. Kc3 Ne4+ 31. Kb2 Rd4 32. Kb3 Nd6 33.
Bd3 Bd5+ 34. Kc3 Rxf4 35. Bxe3 Rf8 36. Bc5 Rc8 37. Kd4 1-0

[Event "GBR-ch86"]
[Site "Scarborough"]
[Date "1999.08.03"]
[Round "2.37"]
[White "Dempsey, Paul"]
[Black "Simons, Martin"]
[Result "0-1"]
[WhiteElo "2168"]
[BlackElo "2264"]
[PlyCount "110"]
[EventDate "1999.08.02"]
[EventType "swiss"]
[EventRounds "11"]
[EventCountry "GBR"]

1. d4 Nf6 2. c4 c5 3. d5 b5 4. cxb5 a6 5. bxa6 g6 6. Nc3 Bxa6 7. Nf3 Bg7 8. Nd2
Qa5 9. f3 O-O 10. e4 Bxf1 11. Nxf1 d6 12. Ne3 Nbd7 13. O-O Qa6 14. Qe2 Qxe2 15.
Nxe2 Rfb8 16. Nc3 Ne8 17. Ned1 Bd4+ 18. Be3 Bxe3+ 19. Nxe3 Rxb2 20. Rab1 Rxb1
21. Rxb1 Ra3 22. Rb3 Rxb3 23. axb3 Nc7 24. Nc4 Kg7 25. Kf2 f5 26. g4 fxg4 27.
fxg4 g5 28. Kg3 Kf6 29. h4 h6 30. h5 Ne5 31. Ne3 Nf7 32. Nc4 Na6 33. Nd1 Nb4
34. Nde3 Nd3 35. Nf5 Nc1 36. Nd2 e6 37. dxe6 Kxe6 38. Kf3 Kd7 39. Ke3 Kc6 40.
e5 dxe5 41. Ke4 Ne2 42. Nc4 Nc3+ 43. Kd3 Nd5 44. Ke4 Nf6+ 45. Kf3 e4+ 46. Kg3
Kb5 47. Ncd6+ Nxd6 48. Nxd6+ Kb4 49. Nb7 Nd7 50. Nd6 Kxb3 51. Nxe4 c4 52. Kf3
c3 53. Nxc3 Kxc3 54. Ke4 Kd2 55. Kf5 Nf8 0-1

[Event "GBR-ch86"]
[Site "Scarborough"]
[Date "1999.08.03"]
[Round "2.40"]
[White "Barton, R Alan"]
[Black "Lilley, Graham"]
[Result "0-1"]
[WhiteElo "2149"]
[BlackElo "2235"]
[PlyCount "106"]
[EventDate "1999.08.02"]
[EventType "swiss"]
[EventRounds "11"]
[EventCountry "GBR"]

1. b4 Nf6 2. Bb2 g6 3. e3 Bg7 4. c4 c6 5. Qb3 O-O 6. Nf3 d5 7. h3 a5 8. a3 Na6
9. Nc3 dxc4 10. Bxc4 b5 11. Bxf7+ Rxf7 12. Ne5 Qe8 13. O-O a4 14. Qa2 Nc7 15.
Rac1 Be6 16. Qb1 Rf8 17. Ne2 Ra6 18. Nd4 Bd5 19. d3 Ne6 20. e4 Nxd4 21. Bxd4
Bb3 22. Qb2 Nh5 23. Ng4 Qf7 24. Bxg7 Qxg7 25. Qd2 Nf4 26. g3 Ne6 27. f4 Qd4+
28. Kh2 Rd8 29. f5 Qxd3 30. Qxd3 Rxd3 31. fxe6 Bxe6 32. Ne5 Rxa3 33. Nxc6 Ra2+
34. Kg1 Bxh3 35. Rf2 Rxf2 36. Kxf2 a3 37. Nxe7+ Kf7 38. Nd5 a2 39. Ra1 Be6 40.
Ke3 Bxd5 41. exd5 Ke7 42. g4 h6 43. Kd3 Kd6 44. Kd4 Ra3 45. Ke4 Ra4 46. g5 h5
47. Kd3 Kxd5 48. Kc3 Ke5 49. Kb2 Rxb4+ 50. Kc3 Ra4 51. Kb2 Kf5 52. Rf1+ Kxg5
53. Ka1 b4 0-1

[Event "GBR-ch86"]
[Site "Scarborough"]
[Date "1999.08.03"]
[Round "2.41"]
[White "Naylor, John"]
[Black "Buckley, Melanie"]
[Result "1-0"]
[WhiteElo "2233"]
[BlackElo "2075"]
[PlyCount "103"]
[EventDate "1999.08.02"]
[EventType "swiss"]
[EventRounds "11"]
[EventCountry "GBR"]

1. e4 e6 2. d4 d5 3. Nd2 Nf6 4. e5 Nfd7 5. f4 c5 6. c3 Nc6 7. Ndf3 Qb6 8. a3
cxd4 9. cxd4 a5 10. Ne2 Be7 11. f5 exf5 12. Nf4 O-O 13. Nxd5 Qd8 14. Bc4 Nb6
15. Nxb6 Qxb6 16. d5 Qc5 17. Qd3 Nxe5 18. Nxe5 Bh4+ 19. g3 Re8 20. gxh4 Rxe5+
21. Kd1 Bd7 22. Bd2 Ba4+ 23. Bb3 Bxb3+ 24. Qxb3 Rxd5 25. Qc3 Qf2 26. Rc1 Rad8
27. Rc2 Rc5 28. Qg3 Qd4 29. Qg2 Rxc2 30. Kxc2 Qd3+ 31. Kc1 Rc8+ 32. Bc3 Qe3+
33. Kb1 Qe4+ 34. Qxe4 fxe4 35. Rg1 g6 36. Bxa5 f5 37. Rd1 e3 38. Rd8+ Rxd8 39.
Bxd8 h6 40. Kc2 Kf7 41. Kd3 f4 42. Ke4 Ke8 43. Ba5 g5 44. hxg5 hxg5 45. h4 gxh4
46. Kxf4 e2 47. Kg4 Kd7 48. Kxh4 Kc6 49. Kg3 Kb5 50. Bc3 Kc4 51. Kf2 Kd3 52.
Kf3 1-0

[Event "GBR-ch86"]
[Site "Scarborough"]
[Date "1999.08.03"]
[Round "2.43"]
[White "Jackson, Adrian"]
[Black "Harris, Costas"]
[Result "1-0"]
[WhiteElo "2223"]
[BlackElo "2065"]
[PlyCount "85"]
[EventDate "1999.08.02"]
[EventType "swiss"]
[EventRounds "11"]
[EventCountry "GBR"]

1. e4 e6 2. d4 d5 3. e5 c5 4. c3 Nc6 5. Nf3 Bd7 6. Be2 Rc8 7. O-O cxd4 8. cxd4
Qb6 9. Nc3 Na5 10. Na4 Qc6 11. b3 Qc7 12. Bd2 Ba3 13. b4 Nc4 14. Nc5 b6 15.
Bxc4 bxc5 16. Ba6 c4 17. Bxc8 Qxc8 18. Bc3 Ne7 19. Ne1 Qa6 20. Nc2 O-O 21. f4
Ba4 22. Qd2 Bxc2 23. Qxc2 Rb8 24. Rab1 Rb5 25. g4 Nc6 26. Qd2 Qb6 27. f5 exf5
28. gxf5 Bxb4 29. Bxb4 Nxb4 30. f6 Qe6 31. Qg5 g6 32. a3 a5 33. Rf3 Kf8 34.
axb4 axb4 35. h3 Ke8 36. Qg4 Qc6 37. Qf4 c3 38. Rc1 c2 39. e6 b3 40. exf7+ Kxf7
41. Qh6 Qe8 42. Qg7+ Ke6 43. f7 1-0

[Event "GBR-ch86"]
[Site "Scarborough"]
[Date "1999.08.03"]
[Round "2.45"]
[White "Buckley, Simon"]
[Black "McMahon, Paul"]
[Result "1-0"]
[WhiteElo "2216"]
[BlackElo "2030"]
[PlyCount "101"]
[EventDate "1999.08.02"]
[EventType "swiss"]
[EventRounds "11"]
[EventCountry "GBR"]

1. e4 e5 2. Bc4 Nc6 3. Nf3 Nf6 4. d3 Be7 5. O-O O-O 6. Re1 d6 7. a4 Na5 8. Ba2
c5 9. Nc3 Nc6 10. Nd5 Kh8 11. c3 Nxd5 12. exd5 Nb8 13. d4 exd4 14. cxd4 Bg4 15.
dxc5 dxc5 16. h3 Bh5 17. Qb3 Qc7 18. Ne5 Bd6 19. Nc4 b6 20. Nxd6 Qxd6 21. Bg5
f6 22. Re6 Qd7 23. Bf4 Na6 24. Rae1 Bf7 25. Re7 Qf5 26. Qg3 Nb4 27. Bb1 Qh5 28.
d6 Rfe8 29. Kh2 Nd5 30. Rxe8+ Rxe8 31. Rxe8+ Bxe8 32. Be4 Nxf4 33. Qxf4 Bd7 34.
g4 Qe5 35. Qxe5 fxe5 36. Bf5 Bxa4 37. d7 Bxd7 38. Bxd7 g5 39. Kg2 Kg7 40. Kf3
Kf6 41. Bb5 Ke6 42. Ke4 Kd6 43. Bc4 a5 44. f3 h6 45. Bb5 Ke6 46. Ba6 Kd6 47.
Bc4 Kc6 48. Kxe5 b5 49. Bd5+ Kb6 50. f4 gxf4 51. h4 1-0

[Event "GBR-ch86"]
[Site "Scarborough"]
[Date "1999.08.03"]
[Round "2.46"]
[White "McDonnell, James"]
[Black "Stephenson, F Norman"]
[Result "1/2-1/2"]
[WhiteElo "2051"]
[BlackElo "2212"]
[PlyCount "48"]
[EventDate "1999.08.02"]
[EventType "swiss"]
[EventRounds "11"]
[EventCountry "GBR"]

1. e4 c5 2. Nf3 e6 3. d4 cxd4 4. Nxd4 Nf6 5. Nc3 Nc6 6. Be3 Bb4 7. Bd3 d5 8.
Nxc6 bxc6 9. Bd2 Bxc3 10. Bxc3 dxe4 11. Bxf6 Qxf6 12. Bxe4 O-O 13. O-O Ba6 14.
Re1 Qxb2 15. Bxc6 Rad8 16. Qc1 Qc3 17. Ba4 Rd2 18. Re3 Qd4 19. Bb3 Rd8 20. Qe1
Qf6 21. Rb1 Bb7 22. Qf1 Ba6 23. Qe1 Bb7 24. Qf1 Ba6 1/2-1/2

[Event "GBR-ch86"]
[Site "Scarborough"]
[Date "1999.08.04"]
[Round "3.1"]
[White "Emms, John M"]
[Black "Arkell, Keith C"]
[Result "1-0"]
[WhiteElo "2586"]
[BlackElo "2462"]
[PlyCount "53"]
[EventDate "1999.08.02"]
[EventType "swiss"]
[EventRounds "11"]
[EventCountry "GBR"]

1. e4 e6 2. d4 d5 3. Nd2 dxe4 4. Nxe4 Nd7 5. Nf3 Ngf6 6. Nxf6+ Nxf6 7. c3 Be7
8. Bd3 O-O 9. O-O b6 10. Qe2 Bb7 11. Bf4 a6 12. Rad1 Ra7 13. c4 Re8 14. Ne5 Qa8
15. Rfe1 Bb4 16. g4 Bxe1 17. Rxe1 Re7 18. g5 Nd7 19. Qh5 Nf8 20. Re3 c5 21. d5
g6 22. Qh6 exd5 23. Ng4 Re6 24. Nf6+ Kh8 25. Rh3 Re1+ 26. Bf1 dxc4 27. Qxh7+
1-0

[Event "GBR-ch86"]
[Site "Scarborough"]
[Date "1999.08.04"]
[Round "3.3"]
[White "Rahman, Ziaur"]
[Black "Lalic, Bogdan"]
[Result "0-1"]
[WhiteElo "2461"]
[BlackElo "2550"]
[PlyCount "90"]
[EventDate "1999.08.02"]
[EventType "swiss"]
[EventRounds "11"]
[EventCountry "GBR"]

1. c4 e6 2. g3 d5 3. Bg2 dxc4 4. Qa4+ Nd7 5. Qxc4 c5 6. Nf3 a6 7. Qc2 Ne7 8. b3
Nc6 9. Bb2 e5 10. O-O Bd6 11. Nc3 O-O 12. Rac1 Re8 13. Qb1 h6 14. Nh4 Bf8 15.
Bxc6 bxc6 16. Na4 Nb6 17. Nxb6 Qxb6 18. Nf5 a5 19. Ne3 e4 20. f4 exf3 21. Rxf3
Be6 22. Qc2 a4 23. Nc4 Qd8 24. e4 axb3 25. axb3 Qg5 26. h4 Qh5 27. Rcf1 f6 28.
Ne3 Rab8 29. Nc4 Bh3 30. R1f2 Bg4 31. Re3 Bd1 32. Qc1 Bxb3 33. e5 fxe5 34. Bxe5
Rb4 35. Na5 Ba2 36. Qc3 Rb1+ 37. Rf1 Rxf1+ 38. Kxf1 Bd5 39. Ke1 Qf7 40. Bf4 Ra8
41. d3 Be7 42. Nc4 Bxh4 43. gxh4 Qxf4 44. Qe5 Qxh4+ 45. Rg3 g5 0-1

[Event "GBR-ch86"]
[Site "Scarborough"]
[Date "1999.08.04"]
[Round "3.4"]
[White "Saravanan, Venkat"]
[Black "Turner, Matthew"]
[Result "1/2-1/2"]
[WhiteElo "2429"]
[BlackElo "2478"]
[PlyCount "45"]
[EventDate "1999.08.02"]
[EventType "swiss"]
[EventRounds "11"]
[EventCountry "GBR"]

1. e4 c5 2. Nf3 Nc6 3. d4 cxd4 4. Nxd4 g6 5. c4 Bg7 6. Be3 Nf6 7. Nc3 Ng4 8.
Qxg4 Nxd4 9. Qd1 e5 10. Bd3 O-O 11. O-O d6 12. Qd2 Be6 13. Rac1 Qa5 14. b3 a6
15. Nd5 Qxd2 16. Bxd2 Bxd5 17. cxd5 Rfc8 18. Bb4 Bf8 19. f3 f5 20. Kf2 Kf7 21.
Bd2 f4 22. g3 g5 23. Rfe1 1/2-1/2

[Event "GBR-ch86"]
[Site "Scarborough"]
[Date "1999.08.04"]
[Round "3.5"]
[White "Wells, Peter K"]
[Black "Williams, Simon Kim"]
[Result "1-0"]
[WhiteElo "2476"]
[BlackElo "2421"]
[PlyCount "45"]
[EventDate "1999.08.02"]
[EventType "swiss"]
[EventRounds "11"]
[EventCountry "GBR"]

1. Nf3 f5 2. g3 Nf6 3. Bg2 e6 4. O-O c6 5. b3 d5 6. c4 Bd6 7. Bb2 O-O 8. Qc2 f4
9. e3 fxg3 10. fxg3 Qe8 11. Bxf6 Rxf6 12. Nc3 Qh5 13. d4 Rh6 14. c5 Be7 15. e4
e5 16. exd5 exd4 17. d6 Bg5 18. Rae1 dxc3 19. Re5 Bf6 20. Rxh5 Rxh5 21. Qe4 Bd7
22. Qc4+ Rd5 23. Ng5 1-0

[Event "GBR-ch86"]
[Site "Scarborough"]
[Date "1999.08.04"]
[Round "3.6"]
[White "Shaw, Robert"]
[Black "Gormally, Daniel"]
[Result "0-1"]
[WhiteElo "2184"]
[BlackElo "2476"]
[PlyCount "82"]
[EventDate "1999.08.02"]
[EventType "swiss"]
[EventRounds "11"]
[EventCountry "GBR"]

1. e4 c5 2. Nf3 d6 3. Bb5+ Bd7 4. Bxd7+ Qxd7 5. c4 Nc6 6. d4 cxd4 7. Nxd4 Nf6
8. Nc3 g6 9. O-O Bg7 10. Nde2 O-O 11. f3 Rac8 12. b3 a6 13. Be3 Ne5 14. Rc1 b5
15. cxb5 axb5 16. Qd2 b4 17. Na4 Qb5 18. Nd4 Qb7 19. Nc2 Rb8 20. Bd4 Nc6 21.
Bb6 Ra8 22. Be3 Rfd8 23. Rfd1 d5 24. e5 Nxe5 25. Qxb4 Qa6 26. Qd2 Nc4 27. Qe2
Nxe3 28. Qxe3 Qd6 29. Nd4 e5 30. Nb5 Qe7 31. Nc7 Rac8 32. Nxd5 Nxd5 33. Rxc8
Nxe3 34. Rdxd8+ Bf8 35. Rxf8+ Kg7 36. Rg8+ Kh6 37. Nc3 Qg5 38. g3 Qf5 39. Kf2
Ng4+ 40. Kg2 Qc2+ 41. Kh3 Qxh2+ 0-1

[Event "GBR-ch86"]
[Site "Scarborough"]
[Date "1999.08.04"]
[Round "3.7"]
[White "Ward, Christopher G"]
[Black "Hunt, Harriet"]
[Result "1-0"]
[WhiteElo "2473"]
[BlackElo "2420"]
[PlyCount "137"]
[EventDate "1999.08.02"]
[EventType "swiss"]
[EventRounds "11"]
[EventCountry "GBR"]

1. d4 Nf6 2. c4 e6 3. Nc3 Bb4 4. Qc2 O-O 5. e4 d5 6. e5 Ne4 7. Bd3 c5 8. cxd5
exd5 9. Nge2 Nc6 10. O-O Bf5 11. f3 c4 12. fxe4 cxd3 13. Qxd3 dxe4 14. Qe3 Bxc3
15. bxc3 Ne7 16. Ba3 Bg6 17. Nf4 Rc8 18. Nxg6 hxg6 19. Rac1 Re8 20. Bxe7 Rxe7
21. Qxe4 Qa5 22. Rf3 Qxa2 23. Qh4 Qd2 24. Qxe7 Qxc1+ 25. Rf1 Qe3+ 26. Kh1 Rf8
27. Qxb7 Qxc3 28. Qxa7 Qd3 29. Qa1 Qe4 30. h3 Ra8 31. Qb2 Qd5 32. Rf2 Rd8 33.
Rd2 g5 34. Qc3 g4 35. hxg4 Qe4 36. Qd3 Qxg4 37. Rd1 g6 38. Kg1 Rd5 39. Kf2 Kg7
40. Rd2 Qh4+ 41. Kf3 Ra5 42. Qe4 Ra3+ 43. Rd3 Qh5+ 44. Kg3 Qg5+ 45. Kh2 Rxd3
46. Qxd3 Qf4+ 47. Kg1 g5 48. g3 Qc1+ 49. Kg2 g4 50. Qf5 Qb2+ 51. Qf2 Qb7+ 52.
Kf1 Kf8 53. Ke2 Qe4+ 54. Kd2 Ke8 55. Qf4 Qg6 56. Ke3 Ke7 57. Qe4 Qh6+ 58. Qf4
Qg6 59. d5 Qb6+ 60. Qd4 Qb3+ 61. Qd3 Qb4 62. Qe4 Qc3+ 63. Kf4 Qc8 64. d6+ Kd8
65. Qf5 Qc4+ 66. Kg5 Qd4 67. Qf6+ Kc8 68. Qxf7 Qxe5+ 69. Qf5+ 1-0

[Event "GBR-ch86"]
[Site "Scarborough"]
[Date "1999.08.04"]
[Round "3.8"]
[White "Hodgson, Julian M"]
[Black "Al-Rakib, Abdullah"]
[Result "1-0"]
[WhiteElo "2605"]
[BlackElo "2367"]
[PlyCount "73"]
[EventDate "1999.08.02"]
[EventType "swiss"]
[EventRounds "11"]
[EventCountry "GBR"]

1. d4 d5 2. Bg5 h6 3. Bh4 c6 4. Nf3 Qb6 5. Qc1 Bf5 6. c4 e6 7. Nc3 Be7 8. Bg3
Nf6 9. e3 Nbd7 10. c5 Qd8 11. Be2 Ne4 12. Nxe4 Bxe4 13. b4 Bxf3 14. gxf3 Bh4
15. f4 Bxg3 16. hxg3 b6 17. g4 bxc5 18. bxc5 Qa5+ 19. Qd2 Qxd2+ 20. Kxd2 Ke7
21. Rhb1 Rhb8 22. Rb3 Kd8 23. Ba6 Kc7 24. Rab1 Rxb3 25. axb3 Nf6 26. f3 h5 27.
gxh5 Nxh5 28. b4 Nf6 29. Rh1 Rb8 30. Kc3 Rg8 31. Bd3 g6 32. Ra1 Kb8 33. b5 cxb5
34. Kb4 Rh8 35. Kxb5 Rh3 36. Kc6 Rxf3 37. Ba6 1-0

[Event "GBR-ch86"]
[Site "Scarborough"]
[Date "1999.08.04"]
[Round "3.10"]
[White "Dunnington, Angus J"]
[Black "Gallagher, Joseph G"]
[Result "1/2-1/2"]
[WhiteElo "2366"]
[BlackElo "2521"]
[PlyCount "81"]
[EventDate "1999.08.02"]
[EventType "swiss"]
[EventRounds "11"]
[EventCountry "GBR"]

1. d4 Nf6 2. Nf3 g6 3. g3 Bg7 4. Bg2 O-O 5. O-O d6 6. b3 Nbd7 7. Bb2 c6 8. Nbd2
Qc7 9. a4 a5 10. e4 e5 11. Re1 Re8 12. Nc4 Bf8 13. Qd2 b6 14. Rad1 h6 15. h3
Rb8 16. dxe5 dxe5 17. Nfxe5 Nxe5 18. Nxe5 Bg7 19. Nxc6 Qxc6 20. e5 Ne4 21. Bxe4
Qc7 22. Qd6 Qxd6 23. Rxd6 Bxh3 24. f4 Bf8 25. Rd3 Rec8 26. c4 Bb4 27. Bc3 Bc5+
28. Kh2 Bg4 29. Kg2 Kf8 30. Rd2 h5 31. Bf3 Bf5 32. Be4 Bg4 33. Rf1 Rd8 34. f5
gxf5 35. Bxf5 Rxd2+ 36. Bxd2 Re8 37. Bc3 Ke7 38. Be4 Rg8 39. Bd5 Be6 40. Rh1
Rg5 41. Bf3 1/2-1/2

[Event "GBR-ch86"]
[Site "Scarborough"]
[Date "1999.08.04"]
[Round "3.11"]
[White "Hebden, Mark"]
[Black "Knott, Simon"]
[Result "1/2-1/2"]
[WhiteElo "2510"]
[BlackElo "2348"]
[PlyCount "96"]
[EventDate "1999.08.02"]
[EventType "swiss"]
[EventRounds "11"]
[EventCountry "GBR"]

1. d4 Nf6 2. Nf3 g6 3. Nc3 d5 4. Bf4 Bg7 5. e3 O-O 6. Be2 c5 7. Ne5 Nc6 8. O-O
Bf5 9. Na4 cxd4 10. Nxc6 bxc6 11. exd4 Nd7 12. c3 e5 13. Be3 Re8 14. Re1 Rb8
15. b4 a5 16. a3 h6 17. Qd2 g5 18. dxe5 Nxe5 19. Bd4 axb4 20. axb4 Nd7 21. Bxg7
Kxg7 22. Bf1 Qf6 23. Rxe8 Rxe8 24. Nb2 Qe5 25. f3 c5 26. Rd1 cxb4 27. cxb4 Nf6
28. Na4 Qe3+ 29. Qxe3 Rxe3 30. Nc5 Rc3 31. Kf2 g4 32. Be2 gxf3 33. gxf3 Kf8 34.
Rd4 Ke7 35. Na4 Rb3 36. Nc5 Rc3 37. Ke1 Rc2 38. h4 Rb2 39. Na4 Rb3 40. Bd1 Ra3
41. b5 Bd7 42. Rb4 Kd6 43. Kd2 Bc8 44. Bb3 Nd7 45. b6 Bb7 46. Bd1 Ra2+ 47. Ke3
Ra3+ 48. Kd2 Ra2+ 1/2-1/2